| 000 | 01105nam a22002537a 4500 | ||
|---|---|---|---|
| 999 |
_c65728 _d65728 |
||
| 005 | 20240530110840.0 | ||
| 008 | 200909s2019 ua af f b 000 0 ara d | ||
| 017 |
_a2019/4686 _bمصر. دار الكتب |
||
| 020 | _a9789779122793 | ||
| 040 |
_aEG-CaGPL _cEG-CaGPL |
||
| 082 | 0 | 4 |
_221 _a953.08/ _bق/م أ |
| 100 | 0 | _aمحمد جمال حامد الشوربجى | |
| 245 | 1 | 0 |
_aاعمال الجيزية فى العصر المملوكى : _b( 648 - 923 هـ / 1250 - 1517 م ) : دراسة فى التاريخ السياسى والحضارى / _cمحمد جمال حامد الشوربجى |
| 250 | _aط.1 | ||
| 260 |
_aالقاهرة : _bالهيئة المصرية العامة للكتاب، _c2019. |
||
| 300 |
_a256 ص. : _bلوحات، جداول ؛ _c24 سم. |
||
| 504 | _aيشتمل على ارجاعات ببليوجرافية | ||
| 650 | _2qrmak | ||
| 651 | 0 | 7 |
_2qrmak _aالجيزة _xتاريخ |
| 651 | 0 | 7 |
_2qrmak _aالجيزة _xمحافظة |
| 651 | 0 | 7 |
_2qrmak _aالجيزة _xتاريخ _yعصر المماليك |
| 942 |
_2ddc _cBK |
||